| 000 | 00839cam a2200193 4500 | ||
|---|---|---|---|
| 001 | WB3810-14 | ||
| 008 | 020312n2002 000 0 eng u | ||
| 035 | _a(Sirsi) u117103 | ||
| 245 | _aRutland richest location | ||
| 260 | _c2002 | ||
| 490 |
_aBarclays News Release _v 7 March2002 |
||
| 520 | _aOnly Rutland outside of London and South-East features in the top 20 wealthiest places in England and Wales according to new research by Barclays Private Clients 5.7m bank accounts were processed to produce ranking of administrative areas by estimated average salary per person. Table at http://www.newsroom.barclays.co.uk/news/data/685.html | ||
| 590 | _aWB | ||
| 650 | _aRANKINGS | ||
| 650 | _aSALARIES | ||
| 650 | _aRUTLAND | ||
| 690 | _aMANAGEMENT-BUSINESS MANAGEMENT-FINANCIAL MANAGEMENT | ||
| 942 | _n0 | ||
| 999 |
_c69764 _d69764 |
||